000 00581nam a2200241 a 4500
001 nice12345678
003 IN_TiNIC
005 20260116011931.0
008 050524s1956 alia grp 000 0 urd
020 _a
_c0.75
082 0 0 _a891.4391
_bAKH2
100 _aAkhtar, Ansari
245 _aIntekhab-E-Kalam-E-Akhtar Ansari
260 _aAligarh
_bAnjuman Taraqqi-E-Urdu
_c1956
300 _a60p
500 _aincludes index and biblioraphy
505 2 _aNotes
650 _aUrdu-Poetry
700 1 _aAkhtar, Ansari
902 _bSRS
942 _cBK
999 _c4960
_d4960